The Institution of Building Control Officers weekend school 1985 (Record no. 101402)

MARC details
000 -LEADER
fixed length control field 00712cam a2200193 4500
001 - CONTROL NUMBER
control field J64339
008 - FIXED-LENGTH DATA ELEMENTS--GENERAL INFORMATION
fixed length control field 000000n1985 000 0 eng u
035 ## - SYSTEM CONTROL NUMBER
System control number (Sirsi) u112309
110 ## - MAIN ENTRY--CORPORATE NAME
Corporate name or jurisdiction name as entry element Institute of Building Control
9 (RLIN) 3341
245 #4 - TITLE STATEMENT
Title The Institution of Building Control Officers weekend school 1985
260 ## - PUBLICATION, DISTRIBUTION, ETC.
Place of publication, distribution, etc. Epsom
Name of publisher, distributor, etc. IBC
Date of publication, distribution, etc. 1985
300 ## - PHYSICAL DESCRIPTION
Extent 18p. ; 30cm.
520 ## - SUMMARY, ETC.
Summary, etc. Stored in basement. 9th weekend school held at Southampton University 29th-31st March 1985 organised by the Southern district of the Institution
650 ## - SUBJECT ADDED ENTRY--TOPICAL TERM
Topical term or geographic name entry element IBC
650 ## - SUBJECT ADDED ENTRY--TOPICAL TERM
Topical term or geographic name entry element INSTITUTE OF BUILDING CONTROL
650 ## - SUBJECT ADDED ENTRY--TOPICAL TERM
Topical term or geographic name entry element PROFESSIONAL ASSOCIATIONS
690 ## - LOCAL SUBJECT ADDED ENTRY--TOPICAL TERM (OCLC, RLIN)
Topical term or geographic name as entry element MANAGEMENT-BUSINESS MANAGEMENT-PROFESSIONAL PRACTICE
942 ## - ADDED ENTRY ELEMENTS (KOHA)
Suppress in OPAC 0
Holdings
Withdrawn status Lost status Source of classification or shelving scheme Damaged status Not for loan Home library Current library Shelving location Date acquired Total Checkouts Full call number Barcode Date last seen Copy number Price effective from Koha item type
    Dewey Decimal Classification     London London Basement 01/05/2001   BASEMENT 30064339 06/08/2019 1 06/08/2019 Reference material